Đại Nam thực lục
Shranjeno v:
| Format: | Knjiga |
|---|---|
| Jezik: | Undetermined |
| Izdano: |
Hà Nội
Giáo dục
2007
|
| Teme: | |
| Oznake: |
Označite
Brez oznak, prvi označite!
|
| Thư viện lưu trữ: | Trung tâm Học liệu Trường Đại học Cần Thơ |
|---|
| LEADER | 00686nam a2200193Ia 4500 | ||
|---|---|---|---|
| 001 | CTU_127911 | ||
| 008 | 210402s9999 xx 000 0 und d | ||
| 020 | |c 98000 | ||
| 082 | |a 959.7 | ||
| 082 | |b Đ103/T.9 | ||
| 245 | 0 | |a Đại Nam thực lục | |
| 245 | 0 | |c Quốc Sử quán Triều Nguyễn; Nguyễn Ngọc Tỉnh, Phạm Huy Giu, Trương Văn Chinh biên dịch; Nguyễn Mạnh Duân, Nguyễn Trọng Hân hiệu đính | |
| 260 | |a Hà Nội | ||
| 260 | |b Giáo dục | ||
| 260 | |c 2007 | ||
| 650 | |a Vietnam,Lịch sử Việt Nam | ||
| 650 | |x History | ||
| 904 | |i Tuyến | ||
| 980 | |a Trung tâm Học liệu Trường Đại học Cần Thơ | ||